Γλώσσα και δομή : δυϊκότητα και ρυθμός στη γλωσσολογία

Αποθηκεύτηκε σε:
Λεπτομέρειες βιβλιογραφικής εγγραφής
Κύριος συγγραφέας: Βεργή, Στέλα
Μορφή: Βιβλίο
Γλώσσα:Greek
Δημοσίευση: Αθήνα : Νεφέλη, 1995
Σειρά:Γλωσσολογία (Νεφέλη) ; 10
Θέματα:
Ετικέτες: Προσθήκη ετικέτας
Δεν υπάρχουν, Καταχωρήστε ετικέτα πρώτοι!

MARC

LEADER 00000nam a2200000 i 4500
001 1/26325
008 990208s1995 gre d
020 |a 960-211-203-4 
035 |l 10068232 
040 |a GR-MY-UA  |b gre  |e aacr 
041 0 |a gre 
082 0 |a 410 
100 1 |a Βεργή, Στέλα. 
245 1 0 |a Γλώσσα και δομή :  |b δυϊκότητα και ρυθμός στη γλωσσολογία /  |c Στέλα Βέργη 
260 |a Αθήνα :   |b Νεφέλη,   |c 1995 
300 |a 194 σ. 
490 1 |a Γλωσσολογία (Νεφέλη)  |v ; 10 
650 0 0 |a Language and languages  |x Rhythm. 
650 0 0 |a Linguistics. 
650 0 0 |a Structural linguistics. 
830 0 |a Γλωσσολογία (Νεφέλη)  |v ; 10 
852 |a INST  |b RHODES  |e 19990208  |h 410 ΒΕΡ  |p 005400015602  |q 005400015602  |t BK  |y 0 
852 |a INST  |b RHODES  |e 20020809  |h 410 ΒΕΡ  |p 005400016235  |q 005400016235  |t BK  |y 0 
901 |a BIBL-1999-1 
909 |a Ρ  |b 102070 
909 |a Ρ  |b 058704 
922 |a 4ΕΛΗ  |b 200204  |c ΚΠΣ/124 
922 |a 4ΕΛΗ  |b 199807  |c ΚΠΣ/ΔΕ  |d EMVASIS 
970 |a ΚΟΥΛΑΚΙΟΤΗ  |b ΛΙΤΣΑ  |z 2002/08/23